Sports Quiz

Random Sports or NFL Quiz

All-Time Team Passing Leaders:Titans Quiz Stats

 Plays Quiz not verified by Sporcle

Support Sporcle.
Go Orange.
Score 0/10 Timer 05:00
0 Plays Today
Yards - Years Player % Correct
33,685 yds (1984-93)Warren Moon
98.7%
27,141 yds (1995-05)Steve McNair
97.4%
8,098 yds (2006-Present)Vince Young
96.1%
6,804 yds (2006-Present)Kerry Collins
93.4%
16,864 yds (1971-79)Dan Pastorini
46.1%
19,149 yds (1960-66)George Blanda
43.4%
4,559 yds (1995-96)Chris Chandler
35.5%
5,190 yds (1980-81)Ken Stabler
27.6%
4,469 yds (1988-94)Cody Carlson
18.4%
5,128 yds (1967-69)Pete Beathard
2.6%

You're not logged in!

Compare scores with friends on all Sporcle quizzes.
OR
Log In

From the Vault

Follow That Line: Ghostbusters

by Puzzgal

When someone asks you if you're a god, you say "YES"!
Remove Ads.
Support Sporcle.
Get the best of Sporcle when you Go Orange. This ad-free experience offers more features, more stats, and more fun while also helping to support Sporcle. Thank you for becoming a member.

Show Comments

Extras

Created Feb 12, 2011SourceReportNominate
Tags:NFL Quiz

Top Quizzes Today


Score Distribution

Your Account Isn't Verified!

In order to create a playlist on Sporcle, you need to verify the email address you used during registration. Go to your Sporcle Settings to finish the process.

Report this User

Report this user for behavior that violates our Community Guidelines.

Details: